[Event "Irvine Orange Pumpkin op"]
[Site "Irvine"]
[Date "2016.10.29"]
[Round "3"]
[White "Wang, Annie"]
[Black "Jones, Aaron Demby"]
[Result "1-0"]
[WhiteElo "2169"]
[BlackElo "2087"]
[PlyCount "67"]
[EventDate "2016.10.28"]
[EventType "swiss"]
[EventRounds "6"]
[EventCountry "USA"]
[SourceTitle "EXT 2018"]
[Source "ChessBase"]
[SourceDate "2017.10.13"]
[SourceVersion "1"]
[SourceVersionDate "2017.10.13"]
[SourceQuality "1"]

1. d4 Nf6 2. c4 e6 3. Nc3 Bb4 4. Qc2 0-0 5. a3 Bxc3+ 6. Qxc3 b6 7. Bg5 Ba6 8. e3 d6 9. Bd3 Nbd7 10. Ne2 h6 11. Bh4 d5 12. cxd5 Bxd3 13. Qxd3 exd5 14. 0-0 c5 15. Nc3 g5 16. Bg3 Qc8 17. dxc5 Nxc5 18. Qd4 Qf5 19. Rad1 Rfd8 20. b4 Nce4 21. Be5 Ng4 22. Nxe4 Nxe5 23. Ng3 Qe6 24. Nh5 f6 25. f4 Ng4 26. Rde1 Qf7 27. Ng3 gxf4 28. Rxf4 Ne5 29. Ref1 Nd7 30. Nf5 Kf8 31. Nxh6 Qg6 32. Rxf6+ Nxf6 33. Rxf6+ Kg7 34. Nf5+ 1-0